000 01196nam a2200325 i 4500
001 000017830
003 DO-SdBNP
005 20230714102309.0
007 ta
008 100406s2018 dr c 000 0 spa d
020 _a9781935892977
040 _aDO-SdBNP
_bspa
_cBPMSU
_erda
082 4 _a928
_bB957V 2018
_222
100 1 _aVicioso, Sherezada,
_d1948-
245 1 0 _aJulia de Burgos en Santo Domingo/
_cSherezada Vicioso; editor Pablo Marcial Ortiz Ramos
264 _aSanto Domingo :
_bArchivo General de la Nación,
_c2018
300 _a182 paginas :
_bilustraciones ;
_c24 cm.
336 _2rdacontent
_atexto
_btxt
337 _2rdamedia
_asin mediación
_bn
338 _2rdacarrier
_avolumen
_bnc
500 _aIncluye datos biográficos de la autora en las solapas
590 _aInventariado, 2023 / VM
600 1 4 _aBurgos, Julia de,
_d1914-1953
_vCrítica e interpretación
600 1 0 _aBosch, Juan,
_d1909-2001
_vEntrevistas
600 1 4 _aJimenes Grullón, Juan Isidro,
_d1903-1983
_vEntrevistas
650 4 _aLiteratura puertorriqueña
_xHistoria y crítica
700 1 _aOrtiz Ramos, Pablo Marcial
_eeditor
910 _aVMateo V. Control de calidad (BPMSU)
942 _2ddc
_cBK
999 _c14421
_d14421